La publicidad y la imagen /

Guardado en:
Bibliografiske detaljer
Hovedforfatter: Victoroff, David (autor)
Format: Bog
Sprog:spansk
Udgivet: Barcelona, España : Gustavo Gili, 1983
Fag:
Tags: Tilføj Tag
Ingen Tags, Vær først til at tagge denne postø!

MARC

LEADER 00000nam^a2200000^a^4500
001 000003521
005 20250521000000.0
009 20260310083229.902
037 |a Acervo ITESO - Biblioteca 
041 |a ESP 
082 |a 659. 1  |b VIC 
100 |a Victoroff, David  |e (autor) 
245 1 3 |a La publicidad y la imagen /  |c D. Victoroff. 
264 1 |a Barcelona, España :  |b Gustavo Gili,  |c 1983 
300 |a 137 p. 
336 |a texto  |b txt  |2 rdacontenido 
337 |a sin mediación  |b n  |2 rdamedio 
338 |a volumen  |b nc  |2 rdasoporte 
500 |a Traducción de: La Republicité et L'Inage 
649 |a XX 
650 |a Publicidad 
650 |a Identidad Corporativa 
650 |a Comunicación Organizacional 
650 |a Promoción del Producto 
650 |a Mercadotecnia 
650 |a Ciencias Administrativas 
910 |a Fondo General 
920 |a Impresos - Libros 
930 |a Colección General 
905 |a 101 
901 |a 0035210100  |b IT1  |c ACC  |i 003521  |u 20250521 
902 |a https://opac.biblio.iteso.mx/vufind/Record/000003521